LEADER 01360nam a2200241 i 4500 001 000000166107 003 CaOOAMICUS 005 20071106000000.0 008 071106s1998 it u000 u ita u 013 $a143475 040 $aSeMil$bita 100 1 $aMariano, Giovanni <1946- >.$0(OLS)http://semarc/name/89296 245 10$aEdoardo :$bquando anche i re diventavano santi. Per conoscere Edoardo 3., re d'Inghilterra dal 1042 al 1066, patrono della Parrocchia omonima in Busto Arsizio /$cGiovanni Mariano. In appendice : una "vita" in traduzione bustocca di Carla Mocchetti Azimonti. 260 $aBusto Arsizio :$bGiornale di s. Edoardo,$c(Stampa 1998) 300 $a100 p. :$bill. ;$c21 cm. 500 $aA pič del front. : 60° della Prima Pietra della Chiesa parrocchiale. - Fondo Card. C.M. Martini. 700 1 $aMocchetti Azimonti, Carla.$0(OLS)http://semarc/name/62622 850 $aSeMil 852 $aSeMil$W1$xVenegono$y1$m3F III 375$j117278$B117278$CSeMilBibl$Z2$F128725 $81 941 1 $a4 961 $aOmaggio: Martini Card. Carlo Maria 996 $6245$aEdoardo :$bquando anche i re diventavano santi. Per conoscere Edoardo 3., re d'Inghilterra dal 1042 al 1066, patrono della Parrocchia omonima in Busto Arsizio$9(OLS)http://semarc/title/237231 996 $6260$aBusto Arsizio :$bGiornale di s. Edoardo$9(OLS)http://semarc/publisher/45465 LEADER 01124nam a2200253 4500 001 000000335726 003 CaOOAMICUS 005 20190801145316.0 008 190801s2015 it 000 u ita r 020 $a978-88-575-3219-6 040 $aSeMil$bita 100 1 $aVillanova, Luigi.$0(OLS)http://semarc/name/110036 245 10$aRaimon Panikkar: dal divino al sacro :$bpassi di un percorso possibile /$cLuigi Villanova. 264 1$aMilano ;$aUdine :$bMimesis,$c2015. 300 $a212 p. ;$c21 cm 490 1 $aMimesis. Triquetra ;$v6 600 14$aPanikkar, Raimon .$0(OLS)http://semarc/subject/41246 830 0$aMimesis. Triquetra ;$v6.$0(OLS)http://semarc/title/425087 850 $aSeMil 852 $aSeMil$W1$xVenegono$y1$m2R V 318$j215062$B227607$CSeMilBibl$Z2$F227607 $81 996 $6020$a978-88-575-3219-6$9(OLS)http://semarc/number/288285 996 $6245$aRaimon Panikkar: dal divino al sacro :$bpassi di un percorso possibile$9(OLS)http://semarc/title/425088 996 $6264$aMilano ;$aUdine :$bMimesis$9(OLS)http://semarc/publisher/39598